<?xml version="1.0" encoding="UTF-8"?>
<marc:record xmlns:marc="http://www.loc.gov/MARC21/slim">
   <marc:leader>00000nam a2200000 a 4500</marc:leader>
   <marc:datafield ind1="0" ind2="0" tag="245">
      <marc:subfield code="a">Um die Welt mit Barbapapa 1</marc:subfield>
   </marc:datafield>
   <marc:datafield ind1=" " ind2="1" tag="264">
      <marc:subfield code="b">Universum Film</marc:subfield>
      <marc:subfield code="c">2010</marc:subfield>
   </marc:datafield>
   <marc:datafield ind1="1" ind2=" " tag="490">
      <marc:subfield code="a">Barbapapa</marc:subfield>
   </marc:datafield>
   <marc:datafield ind1="1" ind2=" " tag="520">
      <marc:subfield code="a">Die Barbapapa-Familie beschließt eine Forschungsreise um die Welt zu machen. Gemeinsam mit dem kleinen Hund Lolita erleben sie auf jeder Station neue, aufregende Abenteuer und lernen viele unbekannte Tiere und Pflanzen kennen: Im Dschungel von Sumatra veranstalten sie einen Stierkampf mit einem Nashorn und erschrecken in den Rocky Mountains vor kekssüchtige Grizzlybären und erleben die unendliche Kälte auf dem Dach der Welt im Himalaya bis sie auf dem Weg nach Westen auf die Spuren der Goldgräber stoßen. Die Verwandlungskünste der Barbapapas kommen Ihnen dabei oft zu Hilfe um sich und andere aus der einen oder anderen brenzligen Situation zu retten.</marc:subfield>
   </marc:datafield>
   <marc:datafield ind1="0" ind2=" " tag="490">
      <marc:subfield code="v">0</marc:subfield>
   </marc:datafield>
   <marc:datafield ind1=" " ind2=" " tag="300">
      <marc:subfield code="a">125 Min.</marc:subfield>
   </marc:datafield>
</marc:record>
